书目信息 |
| 题名: |
工程制图基础习题集
|
|
| 作者: | 许永年 , 谭琼 主编 | |
| 分册: | ||
| 出版信息: | 北京 中国电力出版社 2006.01 |
|
| 页数: | 121页 | |
| 开本: | 19×26cm | |
| 丛书名: | ||
| 单 册: | ||
| 中图分类: | TB23-44 | |
| 科图分类: | ||
| 主题词: | 工程制图--gong cheng zhi tu--继续教育--习题集 | |
| 电子资源: | ||
| ISBN: | 7-5083-3573-2 | |
| 000 | 00967nam0 2200253 450 | |
| 001 | 012006985080 | |
| 005 | 20060912164641.73 | |
| 010 | @a7-5083-3573-2@dCNY20.00 | |
| 100 | @a20060619d2006 km y0chiy0120 ea | |
| 101 | 0 | @achi |
| 102 | @aCN@b110000 | |
| 105 | @aa a 000yy | |
| 200 | 1 | @a工程制图基础习题集@Agong cheng zhi tu ji chu xi ti ji@f谭琼, 许永年主编@Ftan qiong,xu yong nian zhu bian |
| 210 | @a北京@c中国电力出版社@d2006.01 | |
| 215 | @a121页@c图@d19×26cm | |
| 300 | @a继续教育 (函授) 专科公共课系列教材 | |
| 320 | @a有书目 (第196页) | |
| 330 | @a本书介绍了工程制图的基本知识、基本理论及绘图的基本方法。全书内容包括:工程制图的基本知识;点、直线和平面的投影;立体的投影;轴测图、机件常用的表达方法、标准件和常用件等。 | |
| 606 | 0 | @a工程制图@Agong cheng zhi tu@x继续教育@j习题集 |
| 690 | @aTB23-44@v4 | |
| 701 | 0 | @a许永年@Axu yong nian@4主编 |
| 701 | 0 | @a谭琼@Atan qiong@4主编 |
| 801 | 0 | @aCN@bQSSK@c20060912 |
| 905 | @a10447@dTB23-44@eT112 | |
| 工程制图基础习题集/谭琼, 许永年主编.-北京:中国电力出版社,2006.01 |
| 121页:图;19×26cm |
| 继续教育 (函授) 专科公共课系列教材 |
| ISBN 7-5083-3573-2:CNY20.00 |
| 本书介绍了工程制图的基本知识、基本理论及绘图的基本方法。全书内容包括:工程制图的基本知识;点、直线和平面的投影;立体的投影;轴测图、机件常用的表达方法、标准件和常用件等。 |
| ● |
| 相关链接 |
|
|
|
正题名:工程制图基础习题集
索取号:TB23-44/T112
 
预约/预借
| 序号 | 登录号 | 条形码 | 馆藏地/架位号 | 状态 | 备注 |
| 1 | 589532 | 205895325 | 自科库501/501自科库 7排2列2层/ [索取号:TB23-44/T112] | 在馆 | |
| 2 | 589533 | 205895334 | 自科库501/501自科库 7排2列2层/ [索取号:TB23-44/T112] | 在馆 | |
| 3 | 589534 | 205895343 | 自科库501/501自科库 7排2列2层/ [索取号:TB23-44/T112] | 在馆 |